000 00768nam a2200253Ia 4500
003 OSt
005 20221005033126.0
006 a|||||r|||| 00| 0
007 ta
008 221004b |||||||| |||| 00| 0 urd d
020 _a9789381029428 (hbk)
_cINR 150.00
024 _a65654
037 _b2393, 29/02/2020, M.R.Publications
_cTextual
040 _aCRL
_cCRL
_burd
041 _2urd
_aurd
082 _aO168,1NSA6x, Q5
100 _aSahil Sultan Ahmad Au.
_9585871
245 0 _aDard ki roshni
260 _aDelhi
_bArshia publications India
_c2015
300 _a128p.
_ccm.
650 _aURDU POETRY
942 _hO168,1NSA6x, Q5
_cTEXL
_2cc
999 _c940969
_d940969